00483 a2200145 4500003000500000005001700005040000900022082001100031245009000042505003000132650002100162651003200183999001900215952010300234Nust20170207154602.0 cNust a025.34 aBeginners english stage 2 Class Cassette: Units : 8-13, side 1: units: 14-19, side 2 aAlmirah No.73 shelf No.6  aEnglish learning aBeginners english stage 2  c198616d198616 00102ddc40708NFICaMCSbMCSd2016-12-12l0o025.34 BEGpMCSCst-37r2016-12-08w2016-12-12yBK